The effect of the modified Springfield with heel locks ankle taping method on linear running speed of college aged males /

Bibliographic Details
Main Author: Murray, David Joseph
Format: Thesis Microform Book
Language:English
Published: [Place of publication not identified] : [publisher not identified] ; 1983.
Subjects:

MARC

Tag First Indicator Second Indicator Subfields
LEADER 00000cam a2200000 a 4500
001 in00000027764
005 20151007054617.0
007 he bmb|||||||
008 850702r19851983orua bb 00010 eng d
035 |a (OCoLC)12224644 
035 |9 AAB5703AM 
040 |a ORU  |c IWU  |d OCL  |d HPE  |d TXA  |d UtOrBLW 
049 |a TXAI 
099 |a fiche  |a C  |a 8461 
100 1 |a Murray, David Joseph. 
245 1 4 |a The effect of the modified Springfield with heel locks ankle taping method on linear running speed of college aged males /  |c by David Joseph Murray. 
264 1 |a [Place of publication not identified] :  |b [publisher not identified] ;  |c 1983. 
300 |a viii, 46 leaves :  |b illustrations 
336 |a text  |b txt  |2 rdacontent 
337 |a microform  |b h  |2 rdamedia 
338 |a microfiche  |b he  |2 rdacarrier 
502 |b M.S.  |c Northeastern University  |d 1983. 
504 |a Bibliography: leaves 45-46. 
533 |a Microfiche.  |b Eugene :  |c Microform Publications, College of Human Development and Performance, University of Oregon,  |d 1985.  |e 1 microfiche : negative ; 11 x 15 cm. 
500 |a Microform. 
650 0 |a Ankle  |x Wounds and injuries  |x Prevention. 
650 0 |a Running. 
650 0 |a Football injuries  |x Prevention. 
999 |a MARS 
999 f f |s 83d1914d-8fce-3ae6-a42e-fc5022b39f54  |i 1d2bf59f-bfbd-3fb1-a8f5-958e9d2fe292  |t 0 
952 f f |p normal  |a Texas A&M University  |b College Station  |c Sterling C. Evans Library  |d Evans: Microforms (3rd floor)  |t 0  |e fiche C 8461  |h Other scheme  |i microform -- microfiche  |m A14822817145 
998 f f |a fiche C 8461  |t 0  |l Evans: Microforms (3rd floor)